Responses for Show #7149 - Thursday, October 15, 2015

Contestants

[<< previous game]

Dana Desprois, an attorney from Arlington, Virginia

Josh Silverman, a graduate student from Miami, Florida

Michael Baker, a travel media editor from New York, New York (whose 1-day cash winnings total $15,201)

[next game >>]

Jeopardy! Round responses

HALLOWEEN COSTUME IDEAS
BIOGRAPHIES
STARTS WITH "D"
REORDERING THE NOTED PAIR
THE WORLD FACTBOOK SAYS...
OLYMPIC DEMONSTRATION SPORTS
    $200 9
the Mummy

Dana
    $200 16
Pope John Paul II

Josh!
    $200 20
Dachshund

Dana
    $200 24
(Alex: You are right, with less than a minute to go now.)

jelly & peanut butter

Dana
    $200 1
Argentina

Michael
    $400 10
Peter Pan

Michael
    $400 18
Julia Child

Josh!
    $400 19
daiquiri

Dana
    $400 25
Juliet and Romeo

Michael
    $400 2
the Indian Ocean

Josh!
    $600 11
Rosie the Riveter

Josh!
    $1,600 21
Sean Connery

Dana
    $600 8
deliver

Michael
    $600 26
Mary & William

Josh!
    $600 3
Kuwait

Michael
    $600 17
pigeons

Michael
    $800 12
Spy vs. Spy

Josh!
    $800 22
the James Brothers (Frank & Jesse)

Michael
    $800 7
dreamboat

Michael
    $800 27
Ladders & Chutes

Michael
    $800 4
the Netherlands

Josh!
    $800 15
(Josh: What is surfing?)

windsurfing

Josh!Dana
    $1000 13
flappers

Triple Stumper
    $1000 23
(Dana: Who is Jackson Pollock?)

Pablo Picasso

Dana
Triple Stumper
    $1000 6
deacon

Josh!
    $1000 28
[The end-of-round signal sounds.]

Gabbana & Dolce

Dana
    $1000 5
the Cayman Islands

Josh!
    $1000 14
(Michael: What is tae kwon do?)

judo

Michael
Triple Stumper

Scores at the first commercial break (after clue 15):

Michael Josh! Dana
$1,600 $3,800 $1,000

Scores at the end of the Jeopardy! Round:

Michael Josh! Dana
$4,200 $5,000 $3,400

Double Jeopardy! Round responses

1965
DANCE IDIOMS
ANCIENT ROMAN LITERATURE
SCIENCE & NATURE
"ON" TV
OLYMPIC DEMON-STRATION SPORTS
    $400 1
Tibet

Josh!
    $400 20
cut a rug

Josh!
    $400 24
gods

Michael
    $400 18
(Josh: What is a rabbit?)

a goat

Josh!Dana
    $400 6
the Little House on the Prairie

Michael
    $400 10
a pitchfork

Josh!
    $800 22
(Alex: Less than a minute now.)

waltz away with

Michael
    $800 21
Cicero

Michael
    $800 5
a grasshopper

Michael
    $800 7
(Michael: What is, uh, Life on the D-List?)

My Life on the D-List

MichaelDana
    $800 11
a pentacle (or pentagram)

Dana
    $4,000 27
[The end-of-round signal sounds.]

Gemini

Michael
    $1200 23
shake your booty

Josh!
    $1200 17
(Michael: Who is Plutarch?)

Livy

Michael
Triple Stumper
    $3,000 4
a Joshua tree

Josh!
    $1200 8
Life on the Street

Michael
    $1200 12
possession

Josh!
    $1600 26
(Dana: Who is RFK?)

Adlai Stevenson

Dana
Triple Stumper
    $1600 25
it takes two to tango

Triple Stumper
    $1600 16
Marcus Aurelius

Triple Stumper
    $1600 3
the rubber plant

Triple Stumper
    $1600 9
Hell on Wheels

Triple Stumper
    $1600 13
"Tempted"

Triple Stumper
    $2000 15
the Gallic Wars

Josh!
    $2000 2
dialysis

Josh!
    $2000 19
Eyes on the Prize

Triple Stumper
    $2000 14
the ability to speak in tongues

Triple Stumper

Scores at the end of the Double Jeopardy! Round:

Michael Josh! Dana
$10,600 $15,200 $3,800

[wagering suggestions for these scores]

Final Jeopardy! Round responses

THE MIDDLE EAST
DanaWhat is the UAE?
$3,000
MichaelWhat is Lebanon Bahrain
$4,601
Josh!What is Lebanon
$6,001
Lebanon

Final scores:

Michael Josh! Dana
$5,999 $21,201 $800
2nd place: $2,000 New champion: $21,201 3rd place: $1,000

Game dynamics:

Coryat scores:

Michael Josh! Dana
$7,800 $13,400 $2,800
16 R
(including 1 DD),
3 W
17 R
(including 1 DD),
2 W
10 R
(including 1 DD),
2 W

Combined Coryat: $24,000

[game clues] [game scores] [suggest correction]

Game tape date: 2015-09-08
The J! Archive is created by fans, for fans. Scraping, republication, monetization, and malicious use prohibited; this site may use cookies and collect identifying information. See terms. The Jeopardy! game show and all elements thereof, including but not limited to copyright and trademark thereto, are the property of Jeopardy Productions, Inc. and are protected under law. This website is not affiliated with, sponsored by, or operated by Jeopardy Productions, Inc. Join the discussion at JBoard.tv.